00700cam a2200241 a 450000100060000000300080000600500170001400800410003102000210007203500200009303500210011304000300013404100080016408200220017210000190019424500310021326000300024430000280027450400520030260000390035465100430039365300220043625067BD-RjUL20211209050827.0140316s1986 enkb b 000 0beng d a0415090687 (pbk) a(BD-RjUL) 25136 a(OCoLC)13217985  aUkcUkdDLCdBD-RjULbeng aeng00a944.033bSHL 19861 aShennan, J. H.10aLouis XIV /cJ.H. Shennan. aLondon :bMethuen,c1986  a50 p. :bmaps ;c22 cm. aIncludes bibliographical references (p. 49-50).00aLouiscKing of France,d1638-1715. 4aFrancexHistoryyLouis XIV, 1643-1715. aFrance, 1643-1715